Normal view
MARC view
Entry Personal Name
001 - CONTROL NUMBER
- control field: 7354
003 - CONTROL NUMBER IDENTIFIER
- control field: dpl
005 - DATE AND TIME OF LATEST TRANSACTION
- control field: 20100806105555.0
008 - FIXED-LENGTH DATA ELEMENTS
- fixed length control field: 100806|||a|||||| | ||| d
040 ## - CATALOGING SOURCE
- Original cataloging agency: dpl
- Transcribing agency: dpl
100 ## - HEADING--PERSONAL NAME
- Personal name: Selvam, K. Murali.
670 ## - SOURCE DATA FOUND
- Source citation: Work cat.: (dpl): Selvam, K. Murali., Human resource managment /, 2009
670 ## - SOURCE DATA FOUND
- Source citation: Work cat.: (dpl): Selvam, K. Murali., Human resource managment /, 2009
